000 00617nam a22001937a 4500
003 BD-DhJNU
005 20251009075927.0
008 251009b |||||||| |||| 00| 0 eng d
020 _a9788121942904
040 _aBD-DhJNU
_bENG
_cBD-DhJNU
_dBD-DhJNU
082 _223
_a660.6 DUA
100 _aDubey, R. C.
245 _aAdvanced biotechnology :
_bfor B. Sc. and M. Sc. students of biotechnology and other biological sciences /
_cDr. R. C. Dubey
260 _aNew Delhi :
_bS. Chand,
_c2023.
300 _axx, 1162p. :
_bill. ;
_c24 cm.
504 _aIncludes index
650 _aBiotechnology
942 _2ddc
_cBK
_n0
999 _c2227
_d2227